000 01331nam0a22002891 4500
001 rc\3640915
005 20130115145432.6
021 _aRU
_b[70-14453ж]
035 _a(NLR Aleph) 007829487
090 _a7770447
_c7770447
100 _a20130115d1970 |||y0rusy50 ca
101 0 _arus
102 _aRU
105 _aa z |||||
200 1 _aМеханика деформируемого тела и расчет сооружений
_e[Сборник статей]
_fПод ред. засл. деят. науки и техники РСФСР, д-ра техн. наук, проф. А.Я. Александрова
210 _aНовосибирск
_cБ. и.
_d1970
215 _a391 с., 1 л. схем.
_cил.
_d22
225 1 _aТруды Новосибирского института инженеров железнодорожного транспорта
_vВып. 96
320 _aБиблиогр. в конце статей
606 _aСтроительные сооружения
_xРасчет
_jСборники
_2psbo
606 _aМеханика деформируемых тел
_jСборники
_2psbo
702 1 _aАлександров
_bА. Я.
_gАвраам Яковлевич
_4340
801 0 _aRU
_bNLR
_gpsbo
801 1 _aRU
_bELAR
_2rusmarc
852 _aNLR
_jП10/607
942 _cBOOK
980 _aNB